000 01964nam a2200385Ia 4500
001 dia_5861
003 CHAP
005 20240425122451.0
007 ta
008 220117s2015 mx do fr 001 0 spa d
040 _cCHAP
_amxchpua
090 _aT.C.666
_bR36 SAI
_c2015
245 1 0 _aAnálisis del sistema producto huevo para plato en el estado de Yucatán /
_ccoordinador César Ramírez Santiago ; colaboradores Adan Aguirre Maldonado...[et al.]
260 _aMéxico :
_bEl autor,
_c2015
300 _a55 hojas :
_bgráficas, diagramas, tablas, fotos +
_e1 CD-ROM
336 _2rdacontent
_atexto
_btxt
337 _2rdamedia
_ano mediado
_bn
338 _2rdacarrier
_avolumen
_bnc
500 _a6° año Grupo 2 -- El CD contiene reporte -- Directorio: h. 53
502 _aViaje de estudios
_b(SAI) --
_cUACh. Departamento de Ingeniería Agroindustrial,
_d2015
504 _aBibliografía: hojas 54-55
505 _aEmpresas visitadas: --
_t1. Alimentos balanceados Lorgam, S. A. de C. V. -- 2. Asociación de Avicultores del Sureste, A, C. -- 3. Comité estatal para el Fomento y Protección Pecuaria del estado de Yucatán -- 4. Centro Regional Universitario de Yucatán -- 5. Universidad Autónoma de Yucatán. Campus de Ciencias Biológicas y Agropecuarias -- 6. FIRA -- 7. Grupo Crío, S. A. de C. V. -- 8. Industria Avipecuaria Peninsular, S. A. de C. V. -- 9. Secretaría de Economía
650 1 3 _aIndustria del huevo
_9159576
_zMéxico
_zYucatán
650 1 3 _aEgg industry
_9159575
_zMexico
_zYucatán
700 1 _aRamírez Santiago, César
_994265
_ecoordinador
700 1 _aAguirre Maldonado, Adan
_9135028
_ecolaborador
856 4 2 _uhttp://10.13.5.2/ve/TC666SAI/TC666SAI2015.pdf
_yDESCARGAR REPORTE
901 _aT.C.666 R36 SAI 2015
902 _aM
905 _a5232272015 mx mndl8223123322spa16
942 _2local
942 _cVE
999 _c176820
_d176820